Breviario político de la globalización /

Сохранить в:
Библиографические подробности
Главный автор: Orozco, José Luis (comp.)
Другие авторы: Dávila, Consuelo (compilación) (compilación)
Формат:
Язык:испанский
Опубликовано: México : UNAM, Facultad de Ciencias Políticas y Sociales : Fontamara, 1997, c1997
Серии:(Fontarama ; 211)
Предметы:
Метки: Добавить метку
Нет меток, Требуется 1-ая метка записи!

MARC

LEADER 00000nam^a2200000^a^4500
001 000138081
005 20250521000000.0
009 20260310095415.17
020 |a 968-36-6320-6 
037 |a Acervo ITESO - Biblioteca 
041 |a ESP 
082 |a 320. 9003  |b ORO 
100 |a Orozco, José Luis  |e (comp.) 
245 1 0 |a Breviario político de la globalización /  |c J.L. Orozco, C. Dávila. 
264 4 |a México :  |b UNAM, Facultad de Ciencias Políticas y Sociales :  |b Fontamara,  |c 1997, c1997 
300 |a 479 p. 
336 |a texto  |b txt  |2 rdacontenido 
337 |a sin mediación  |b n  |2 rdamedio 
338 |a volumen  |b nc  |2 rdasoporte 
440 1 |a (Fontarama ;  |v 211) 
649 |a XX 
650 |a Globalización -  |x Enciclopedias y Diccionarios 
650 |a Relaciones Internacionales -  |x Enciclopedias y Diccionarios 
650 |a Política -  |x Enciclopedias y Diccionarios 
650 |a Política 
700 |a Dávila, Consuelo  |e (compilación) 
910 |a Fondo General 
920 |a Impresos - Libros 
930 |a Colección General 
905 |a 101 
901 |a 0500067748  |b IT1  |c ACC  |u 20250521 
902 |a https://opac.biblio.iteso.mx/vufind/Record/000138081